000 00590nam a2200145Ia 4500
008 100122s9999 xx 000 0 und d
082 _b35085
_a910.4
100 _aकोपर्डेकर हे द
245 _aसोनेरी तुरूंगात सहा आठवडे
260 _bहेमचंद्र दर्याणव कोपर्डेकर
_c1983
300 _a119
630 _aसोनेरी तुरूंगात सहा आठवडे
730 _aसोनेरी तुरूंगात सहा आठवडे
942 _cBOOK
999 _c418469
_d418466